Country profile. (Record no. 18864)
[ view plain ]
| 000 -LEADER | |
|---|---|
| fixed length control field | 00470cas a2200169 a 4500 |
| 022 ## - INTERNATIONAL STANDARD SERIAL NUMBER | |
| ISSN | 1356-4153 |
| 040 ## - CATALOGING SOURCE | |
| Transcribing agency | EKL |
| 082 00 - DEWEY DECIMAL CLASSIFICATION NUMBER | |
| Classification number | 330 THE 1995 C153 Or. |
| 245 00 - TITLE STATEMENT | |
| Title | Country profile. |
| 246 30 - VARYING FORM OF TITLE | |
| Title proper/short title | Cambodia, Laos, Myanmar |
| 260 ## - PUBLICATION, DISTRIBUTION, ETC. (IMPRINT) | |
| Place of publication | London, U.K. : |
| Name of publisher | The Unit, |
| Year of publication | ©1995. |
| 300 ## - PHYSICAL DESCRIPTION | |
| Number of Pages | 1 volume : |
| Other physical details | illustrations ; |
| Dimensions | 27 cm |
| 650 #7 - SUBJECT ADDED ENTRY--TOPICAL TERM | |
| Topical Term | Economic history. |
| 650 #7 - SUBJECT ADDED ENTRY--TOPICAL TERM | |
| Topical Term | Politics and government |
| 710 2# - ADDED ENTRY--CORPORATE NAME | |
| Corporate name or jurisdiction name as entry element | Economist Intelligence Unit (Great Britain) |
| 942 ## - ADDED ENTRY ELEMENTS (KOHA) | |
| Koha item type | ADB |
| 952 ## - LOCATION AND ITEM INFORMATION (KOHA) | |
| Withdrawn status [LOCAL, KOHA] | 0 |
| Koha item type | Source of acquisition | Lost status | Permanent Location | Current Location | Date acquired | Full call number |
|---|---|---|---|---|---|---|
| សៀវភៅភាសាអង់គ្លេស | A36599 | Library Block C | Library Block C | 2020-02-03 | 330 THE 1995 C153 Or. |